Tát Ablak-út kft. Marketing Stratégiája

Bibliográfiai részletek
Szerző: Szépvögyi Arnold
További közreműködők: Kovács Dr. habil András
Dokumentumtípus: Projektmunka
Kulcsszavak:Tát Ablak-út kft. Marketing Stratégiája
Online Access:http://dolgozattar.uni-bge.hu/16411

MARC

LEADER 00000nnm a2200000 i 4500
001 dolg16411
005 20180920143023.0
008 180517suuuu hu o 000 hun d
040 |a BGE Dolgozattár Repozitórium  |b hun 
041 |a hu 
100 1 |a Szépvögyi Arnold 
245 1 0 |a Tát Ablak-út kft. Marketing Stratégiája  |c Szépvögyi Arnold  |h [elektronikus dokumentum] 
246 1 1 |a Tát Ablak-út kft. Marketing Stratégiája 
516 |a Project_work 
520 3 |a A kötelező szakmai gyakorlatomat a Tát Ablak-út kft-nál végeztem és a szakdolgozatomat is a céggel kapcsolatosan írtam. A szakdolgozatom témája a cég számára marketing stratégia kidolgozása. Leszögezte a stratégia szempontjából fontos alapokat, rámutattam a cég szempontjából lényeges kérdésekre. Kialakítottam a cég jövőképét, értékeit és misszióját, lefolytattam a különféle kutatásokat, elemzéseket. Létrehoztam a cég számára a stratégia szempontjából lényeges alappilléreket, amiket érdemes figyelemmel követni, és nagyobb hangsúlyt kell fektetni rájuk. 
695 |a Tát Ablak-út kft. Marketing Stratégiája 
700 1 |a Kovács Dr. habil András  |e ths 
856 4 0 |u http://dolgozattar.uni-bge.hu/16411/1/T%C3%A1t-Ablak%20%C3%BAt%20Kft.%20Marketing%20Strat%C3%A9gi%C3%A1ja%20PDF.pdf  |z Dokumentum-elérés